00704cam a22002411 45000010005000000030008000050050017000130080039000300350018000690350019000870400044001060410008001500820024001581000025001822450090002072500012002972600036003093000038003455040020003836500015004037000020004187000024004381976BD-RjUL20211208233444.0140116s1950 nyua 001 0 eng a(BD-RjUL)2003 a(OCoLC)1632020 aDLCcOTUdOTUdOCoLCdDLCdBD-RjULbeng aeng a330.1219bUMM 19501 aUmbreit, Myron Henry10aModern economic problems /cby Myron H. Umbreit, Elgin F. Hunt and Charles V. Kinter. a1st ed. aNew York :bMcGraw-Hill,cc1950 axvii, 642 p. :bdiagrs. ;c23 cm. aIncludes Index. 0aEconomics. aHunt, Elgin F.  aKinter, Charles V.